| 000 | 00827nam a22002537a 4500 | ||
|---|---|---|---|
| 999 |
_c7048 _d7048 |
||
| 003 | AR-CdUCM | ||
| 008 | 190319b ||||| |||| 00| 0 spa d | ||
| 020 | _a84-310-0864-4 | ||
| 040 |
_aMUNICIPALIDAD PROVINCIAL DEL CUSCO _cBIBLIOTECA MUNICIPAL DEL CUSCO |
||
| 041 | _hger | ||
| 082 |
_a617.1 / _bSC29 |
||
| 100 |
_aSchauwecker, Frank _919853 |
||
| 245 | _aOsteosíntesis / | ||
| 260 |
_aBarcelona : _bEdiciones Toray, _c1974. |
||
| 300 |
_a236 páginas ; _bfiguras, _c25 cm. |
||
| 505 | _aContenido: Parte general --Extremidad superior -- Extremidad inferior. | ||
| 650 |
_aFracturas _919854 |
||
| 650 |
_aHuesos _919855 |
||
| 650 |
_aTratamiento quirúrgico _919856 |
||
| 650 |
_aTransplantes _919857 |
||
| 700 |
_aLópez-Urrutia Fernández, Jesús (versión española) _919858 |
||
| 942 |
_2ddc _cLIBROS |
||
| 945 | _aachl | ||